| 000 | 01401cam a2200289 4500500 | ||
|---|---|---|---|
| 005 | 20260426012158.0 | ||
| 041 | _afre | ||
| 042 | _adc | ||
| 100 | 1 | 0 |
_aStruzynska, Ewa _eauthor |
| 245 | 0 | 0 | _aLes maisons de notre enfance |
| 260 | _c2006. | ||
| 500 | _a74 | ||
| 520 | _aRésuméL’architecture est étroitement liée à la vie des hommes : les maisons qui nous ont abrités dans notre enfance ont joué un rôle essentiel dans les choix de notre vie, parfois même elles ont infléchi notre destin. Nous sommes attachés à leurs murs, aux personnes que nous y avons rencontrées car ces lieux parlent... de nous. | ||
| 520 | _aArchitecture is closely related to human life : houses where we have lived during our childhood played a prominent role in the choices we had to make during our lifetime ; sometimes, they even inflected our destiny. We are linked to these walls and to the people we met in these places... because they keep talking about us. | ||
| 690 | _aarchitecture | ||
| 690 | _aenfance | ||
| 690 | _aespace habité | ||
| 690 | _alieu | ||
| 690 | _amaison | ||
| 690 | _aarchitecture | ||
| 690 | _achildhood | ||
| 690 | _adwelling | ||
| 690 | _ahouse | ||
| 690 | _aplace | ||
| 786 | 0 | _nEnfances & Psy | 33 | 4 | 2006-11-01 | p. 8-14 | 1286-5559 | |
| 856 | 4 | 1 | _uhttps://shs.cairn.info/revue-enfances-et-psy-2006-4-page-8?lang=fr&redirect-ssocas=7080 |
| 999 |
_c2223698 _d2223698 |
||